000 00417nam a22001697a 4500
005 20180703171914.0
008 160511b xxu||||| |||| 00| 0 eng d
020 _a978-0-07065614-7
041 _aeng
082 _b1338
_a658.15
100 _aKhan, MY,
_94450
245 _aFinancial Management (Text Problems & cases)
260 _aNew Delhi
_bTMH
300 _a37.25p,
650 _aManagement
_9241
942 _cBK
999 _c597
_d597